El ex convento hospitalario de betlemitas (Record no. 979)

MARC details
000 -CABECERA
campo de control de longitud fija 00728nam a2200205 a 4500
001 - NÚMERO DE CONTROL
campo de control BRCA_1100
005 - FECHA Y HORA DE LA ÚLTIMA TRANSACCIÓN
campo de control 20190320203258.0
008 - DATOS DE LONGITUD FIJA--INFORMACIÓN GENERAL
campo de control de longitud fija 970620s1996----mx-a---##b---#000-0#spa-#
020 ## - NÚMERO INTERNACIONAL ESTÁNDAR DEL LIBRO
Número Internacional Estándar del Libro 9686120343 (v.1)
040 ## - FUENTE DE LA CATALOGACIÓN
Centro catalogador/agencia de origen DLC
Centro/agencia transcriptor DLC
050 #4 - SIGNATURA TOPOGRÁFICA DE LA BIBLIOTECA DEL CONGRESO
Número de clasificación NA5257.M4
Número de documento/Ítem .A44 1996
100 1# - ENTRADA PRINCIPAL--NOMBRE DE PERSONA
Nombre de persona Amerlinck de Corsi, María Concepción
9 (RLIN) 3618
245 10 - MENCIÓN DE TÍTULO
Título El ex convento hospitalario de betlemitas
Mención de responsabilidad, etc. María Concepción Amerlinck de Corsi.
260 ## - PUBLICACIÓN, DISTRIBUCIÓN, ETC.
Lugar de publicación, distribución, etc. México
Nombre del editor, distribuidor, etc. Banco de México
Fecha de publicación, distribución, etc. 1996-
300 ## - DESCRIPCIÓN FÍSICA
Extensión 235 p.
Otras características físicas il. (algunas a color)
Dimensiones 31 cm.
504 ## - NOTA DE BIBLIOGRAFÍA, ETC.
Nota de bibliografía, etc. Bibliografía: p. 233-235 (v.1)
610 24 - PUNTO DE ACCESO ADICIONAL DE MATERIA--NOMBRE DE ENTIDAD CORPORATIVA
Nombre de entidad corporativa o nombre de jurisdicción como elemento de entrada Hospital de Nuestra Señora de Belén y San Francisco Xavier
Subdivisión general Historia
9 (RLIN) 3619
650 14 - PUNTO DE ACCESO ADICIONAL DE MATERIA--TÉRMINO DE MATERIA
Término de materia o nombre geográfico como elemento de entrada Hospitales
Subdivisión general Historia
Subdivisión geográfica México
9 (RLIN) 3620
942 ## - ELEMENTOS DE PUNTO DE ACCESO ADICIONAL (KOHA)
Fuente del sistema de clasificación o colocación Library of Congress Classification
Tipo de ítem Koha Libros
Holdings
Estado de retiro Estado de pérdida Estado dañado No para préstamo Localización permanente Ubicación/localización actual Fecha de adquisición Total de préstamos Signatura topográfica completa Código de barras Fecha visto por última vez Precio válido a partir de Tipo de ítem Koha
El ejemplar forma parte de la colección y puede ser consultado según las políticas vigentes.       Biblioteca del Museo Franz Mayer (Rogerio Casas-Alatriste) Biblioteca del Museo Franz Mayer (Rogerio Casas-Alatriste) 26/06/2008   NA5257.M4 .A44 1996 00410 22/03/2019 22/03/2019 Libros